Tsunami : (Record no. 129450)

MARC details
000 -LEADER
fixed length control field 00752nam a22002537a 4500
003 - CONTROL NUMBER IDENTIFIER
control field 0
005 - DATE AND TIME OF LATEST TRANSACTION
control field 20180713153502.0
008 - FIXED-LENGTH DATA ELEMENTS--GENERAL INFORMATION
fixed length control field 0
010 ## - LIBRARY OF CONGRESS CONTROL NUMBER
LC control number B-164446
020 ## - INTERNATIONAL STANDARD BOOK NUMBER
Terms of availability 00.00
International Standard Book Number 8175412364
035 ## - SYSTEM CONTROL NUMBER
System control number B-164446,
037 ## - SOURCE OF ACQUISITION
Source of stock number/acquisition Cen Lib/Ret
040 ## - CATALOGING SOURCE
Original cataloging agency DPL
Language of cataloging EN
Transcribing agency 0
082 ## - DEWEY DECIMAL CLASSIFICATION NUMBER
Classification number 551.47024
Item number MUK
100 ## - MAIN ENTRY--PERSONAL NAME
Personal name Mukhopadhyay, Suvasish
9 (RLIN) 26397
245 ## - TITLE STATEMENT
Title Tsunami :
Statement of responsibility, etc by Suvasish Mukhopadhyay
Remainder of title the biggest bane /
260 ## - PUBLICATION, DISTRIBUTION, ETC. (IMPRINT)
Place of publication, distribution, etc Delhi
Name of publisher, distributor, etc Shipra Publications
Date of publication, distribution, etc 2005
270 ## - ADDRESS
Address 115-A,Vilkas Marg Shakarpur
City Delhi
Postal code 110092
300 ## - PHYSICAL DESCRIPTION
Extent 149p. :
Dimensions 21cm(Hb)
Other physical details ill.
500 ## - GENERAL NOTE
General note Includes bibliographical reference and index
650 ## - SUBJECT ADDED ENTRY--TOPICAL TERM
Topical term or geographic name as entry element Tsunamis
9 (RLIN) 26398
650 ## - SUBJECT ADDED ENTRY--TOPICAL TERM
Topical term or geographic name as entry element Tsunami Warning System
9 (RLIN) 26399
942 ## - ADDED ENTRY ELEMENTS (KOHA)
Source of classification or shelving scheme Dewey Decimal Classification
Koha item type English Books
Classification part 551.47024
Call number suffix MUK
Holdings
Withdrawn status Lost status Damaged status Not for loan Home library Current library Date acquired Source of acquisition Cost, normal purchase price Total Checkouts Full call number Barcode Date last seen Copy number Cost, replacement price Price effective from Koha item type Source of classification or shelving scheme Collection code
        Central Library Central Library 06/07/2015 Cen Lib/Ret 0.00   551.47024 MUK B-164446 06/07/2015 1 0.00 06/07/2015 English Books    
        Patel Nagar Patel Nagar 13/07/2018 BPPD/Pub 0.00   551.47024 MUK B-164447 13/07/2018   0.00 13/07/2018 English Books Dewey Decimal Classification Non-fiction

© Delhi Public Library
Hit Counter
free hit counter